| 000 | 00430cam a2200181ua 4500 | ||
|---|---|---|---|
| 020 | _c15.00 | ||
| 041 |
_aeng _h |
||
| 082 |
_a604.2 _bBOG/EN |
||
| 100 | _aBogolyabov, S . | ||
| 245 |
_aEngineering drawing / _cS.Bogolyabov. _hTextual Documents |
||
| 260 |
_aMoscow : _bMIR Publishers , _c1983. |
||
| 300 | _a352 ; . | ||
| 365 | _a15.00 | ||
| 504 | _a | ||
| 700 | 1 | _aVolnov, A . | |
| 942 | _cBK | ||
| 999 |
_c1914 _d1914 |
||